El Ombudsman iberoamericano y los derechos de la infancia

Gardado en:
Detalles Bibliográficos
Formato: Desconocido
Publicado: Madrid: CICODE
Materias:
Etiquetas: Engadir etiqueta
Sen Etiquetas, Sexa o primeiro en etiquetar este rexistro!

MARC

LEADER 00000 a2200000 04500
001 11536
003
008 991231s d
040
090 |a 139905  
245 |a El Ombudsman iberoamericano y los derechos de la infancia  
260 |a Madrid:   |b CICODE  
300 |a 201 p.  
650 |a INFANCIA  
650 |a DERECHOS HUMANOS  
650 |a DERECHOS DEL NIÑO  
650 |a EDUCACION  
650 |a DERECHO A LA EDUCACION  
999 |c 1311  |d 1311